Managing organisational change / (Record no. 25364)
[ view plain ]
| 000 -LEADER | |
|---|---|
| fixed length control field | 00855nam a22002657a 4500 |
| 001 - CONTROL NUMBER | |
| control field | 25364 |
| 003 - CONTROL NUMBER IDENTIFIER | |
| rucl marc code | BD-RjUL |
| 005 - DATE AND TIME OF LATEST TRANSACTION | |
| control field | 20211209050852.0 |
| 008 - FIXED-LENGTH DATA ELEMENTS--GENERAL INFORMATION | |
| fixed length control field | 140318r20051998ii a |||| 001 0 eng d |
| 020 ## - INTERNATIONAL STANDARD BOOK NUMBER | |
| International Standard Book Number | 8170367018 (hbk.) |
| International Standard Book Number | 8170367026 (pbk.) |
| 035 ## - SYSTEM CONTROL NUMBER | |
| System control number | (BD-RjUL)25434 |
| 040 ## - CATALOGING SOURCE | |
| Original cataloging agency | BD-RjUL |
| Language of cataloging | eng |
| Transcribing agency | BD-RjUL |
| 041 ## - LANGUAGE CODE | |
| Language code of text/sound track or separate title | eng |
| 082 04 - DEWEY DECIMAL CLASSIFICATION NUMBER | |
| Edition number | 21 |
| Classification number | 658.406 |
| Author mark and year | NIM 2005 |
| 100 1# - MAIN ENTRY--PERSONAL NAME | |
| Personal name | Nilakant, V., |
| 9 (RLIN) | 77992 |
| 245 10 - TITLE STATEMENT | |
| Title | Managing organisational change / |
| Statement of responsibility, etc. | V. Nilakant, S. Ramnarayan. |
| 260 ## - PUBLICATION, DISTRIBUTION, ETC. (IMPRINT) | |
| Place of publication, distribution, etc. | New Delhi : |
| Name of publisher, distributor, etc. | Response Books, |
| Date of publication, distribution, etc. | 1998 [Printing 2005]. |
| 300 ## - PHYSICAL DESCRIPTION | |
| Pagination | 380 p. : |
| Illustrations | ill. ; |
| Size | 23 cm. |
| 500 ## - GENERAL NOTE | |
| General note | "Published by Tejeshwar Singh for Response Books"--T.p. verso. |
| 504 ## - BIBLIOGRAPHY, ETC. NOTE | |
| Bibliography, etc | Includes bibliographical references and indexes. |
| 650 #7 - SUBJECT ADDED ENTRY--TOPICAL TERM | |
| Topical term or geographic name as entry element | Organizational change. |
| 9 (RLIN) | 77993 |
| 700 1# - ADDED ENTRY--PERSONAL NAME | |
| Personal name | Ramnarayan, S. |
| 942 ## - ADDED ENTRY ELEMENTS (KOHA) | |
| Source of classification or shelving scheme | Dewey Decimal Classification |
| Koha item type | Books |
| Lost status | Source of classification or shelving scheme | Damaged status | Not for loan | Collection code | Permanent Location | Current Location | Shelving location | Date acquired | Source of acquisition | Cost, normal purchase price | Total Checkouts | Full call number | Date last seen | Copy number | Koha item type |
|---|---|---|---|---|---|---|---|---|---|---|---|---|---|---|---|
| Dewey Decimal Classification | Non-fiction | Central Library, University of Rajshahi | Central Library, University of Rajshahi | 15/04/2006 | Paragon | 380.00 | 658.406 NIM 2005 | 18/03/2014 | C-2 | Books | |||||
| Dewey Decimal Classification | Not For Loan | Non-fiction | Central Library, University of Rajshahi | Central Library, University of Rajshahi | Reading Room | 06/04/2015 | Dhaka, Paragon Enterprises Ltd | 380.00 | 658.406 NIM 2005 | 17/01/2017 | C-1 | Books |